000 00634nam a2200205 4500
010 _aA-437478
035 _aA-437478
037 _bCen Lib / Ret
040 _aDPL
_bEN
082 _a595.70947
_bDIP
100 _aDiptera
245 _aKeys to the insects of the European part of the USSR /
_cby Diptera [and] Siphonaptera
260 _aWashington
_bThe National Science Foundation
_c1988
270 _aThe National Science Foundation
_bWashington
300 _a1505p
_c24cm(Hb)
650 _aInsects -- Soviet Union.
650 _aInsects
700 _aSiphonaptera
942 _2ddc
_cEN
_h595.70947
_mDIP
999 _c136884
_d136884